Operation and modeling of the MOS transistor (Record no. 3949)

000 -LEADER
fixed length control field 00577nam a2200205 a 4500
001 - CONTROL NUMBER
control field 3949
003 - CONTROL NUMBER IDENTIFIER
control field BD-DhUET
008 - FIXED-LENGTH DATA ELEMENTS--GENERAL INFORMATION
fixed length control field 031117s1999 nyua b 001 0 eng
020 ## - INTERNATIONAL STANDARD BOOK NUMBER
International Standard Book Number 0071167919
040 ## - CATALOGING SOURCE
Original cataloging agency DLC
Transcribing agency DLC
Modifying agency BD-DhUET
082 00 - DEWEY DECIMAL CLASSIFICATION NUMBER
Classification number 623.815284
Item number TSI/1999
100 ## - MAIN ENTRY--PERSONAL NAME
Personal name Tsividis, Yannis
245 10 - TITLE STATEMENT
Title Operation and modeling of the MOS transistor
250 ## - EDITION STATEMENT
Edition statement 2nd ed.
260 ## - PUBLICATION, DISTRIBUTION, ETC. (IMPRINT)
Place of publication, distribution, etc. New York
Name of publisher, distributor, etc. Oxford University Press
Date of publication, distribution, etc. 1999
300 ## - PHYSICAL DESCRIPTION
Extent xx, 620p.
Other physical details ill.
504 ## - BIBLIOGRAPHY, ETC. NOTE
Bibliography, etc Includes bibliographies
650 #0 - SUBJECT ADDED ENTRY--TOPICAL TERM
Topical term or geographic name as entry element Metal oxide semiconductors - Mathematical models
942 ## - ADDED ENTRY ELEMENTS (KOHA)
Koha item type General Book
Holdings
Piece designation (barcode) Lost status Price effective from Koha full call number Sublocation or collection (holding branch) Koha date last borrowed Koha normalized classification for sorting Shelving location Koha item type Koha issues (times borrowed) Koha date last seen Not for loan Date acquired Damaged status Copy number Location (home branch) Withdrawn status Source of classification or shelving scheme
93007 2014-11-09623.8152/TSI/1999 Central Library, BUET2017-10-23623_000000000000000_8152TSI199Circulation sectionGeneral Book12020-12-05 2014-11-09 1Central Library, BUET  
93010 2014-12-02623.8152/TSI/1999Central Library, BUET 623_815200000000000_TSI_1999Circulation sectionGeneral Book 2014-12-02 2014-12-02 2Central Library, BUET  
93005 2015-06-25623.815284/TSI/1999Central Library, BUET 623_815284000000000_TSI_1999Reading sectionReading Item 2015-06-25 2015-06-25 3Central Library, BUET  
93009 2017-10-31623.815284/TSI/1999Central Library, BUET 623_815284000000000_TSI_1999Circulation sectionGeneral Book 2017-10-31 1999-04-12 4Central Library, BUET